00638nam a2200229 a 4500001001300000003000900013005001700022008004100039020000900080082001400089100001600103245003200119260004500151300000800196500003500204650000800239700001600247902000800263942000700271952011300278999001700391nice12345678IN_TiNIC20260116014454.0080222s2006 newa grp 000 0 eng  ac2000a340bMAT9 aMathew, P D aThe Indian Trust Act, 1882` aNew DelhibIndian Social Institutec2006 a54p aincludes index and biblioraphy aLaw1 aMathew, P D bSRS cBK 001040708StackRoom-aHMIbHMId2008-02-22g20.00l0o340 MAT9p021723r2008-02-22v20.00w2008-02-22yBK c15502d15502